000 00756pam a2200253 a 4500
001 12948
003 BD-RjUL
005 20211208235359.0
008 140130s1961 njua b 001 0 eng
035 _a(BD-RjUL)12998
040 _aDLC
_cDLC
_dDLC
_dBD-RjUL
_beng
041 _aeng
082 0 0 _a333
_219
_bBAL
100 1 _aBarlowe, Raleigh.
_912382
245 1 0 _aLand resource economics :
_bthe economics of real estate /
_cRaleigh Barlowe.
260 _aEnglewood Cliffs, N.J. :
_bPrentice-Hall,
_c1961.
300 _ax, 559 p. :
_bill. ;
_c24 cm.
504 _aIncludes bibliographies and index.
650 0 _aLand use.
_940364
650 0 _aLand use
_zUnited States.
_940365
942 _2ddc
_cBK
999 _c12948
_d12948